| Tag |
First Indicator |
Second Indicator |
Subfields |
| LEADER |
00000cam a2200000Ia 4500 |
| 001 |
in00004645607 |
| 008 |
880204t19511952nyu 000 1 eng d |
| 005 |
20230203150545.5 |
| 035 |
|
|
|a (OCoLC)ocm17432643
|
| 035 |
|
|
|a (OCoLC)ocm17432643
|
| 040 |
|
|
|a CGP
|b eng
|c CGP
|d BGU
|d OCL
|d OCLCQ
|d OCLCG
|d OCLCQ
|d OCLCF
|d OCLCQ
|d OCLCO
|d OCLCA
|d OCLCO
|
| 035 |
|
|
|a (OCoLC)17432643
|
| 043 |
|
|
|a n-us-il
|
| 050 |
|
4 |
|a PN1
|b .A88 no.419
|
| 100 |
1 |
|
|a Algren, Nelson,
|d 1909-1981.
|
| 245 |
1 |
0 |
|a Never come morning /
|c by Nelson Algren.
|
| 250 |
|
|
|a Avon reprint ed.
|
| 260 |
|
|
|a New York, N.Y. :
|b Avon,
|c 1951 printing, ©1952.
|
| 300 |
|
|
|a 191 pages ;
|c 17 cm
|
| 336 |
|
|
|a text
|b txt
|2 rdacontent
|
| 337 |
|
|
|a unmediated
|b n
|2 rdamedia
|
| 338 |
|
|
|a volume
|b nc
|2 rdacarrier
|
| 500 |
|
|
|a "Specially revised by the author for Avon Books"--Cover.
|
| 500 |
|
|
|a "419."
|
| 500 |
|
|
|a Accession #: 2020_0001
|
| 500 |
|
|
|a The Cushing Library Lit/Mitchell copy is a donation from J. Lawrence Mitchell.
|
| 650 |
|
0 |
|a Gangs
|z Illinois
|z Chicago
|v Fiction.
|
| 651 |
|
0 |
|a Chicago (Ill.)
|v Fiction.
|
| 650 |
|
7 |
|a Gangs.
|2 fast
|0 (OCoLC)fst00937695
|
| 651 |
|
7 |
|a Illinois
|z Chicago.
|2 fast
|0 (OCoLC)fst01204048
|
| 655 |
|
7 |
|a Fiction.
|2 fast
|0 (OCoLC)fst01423787
|
| 994 |
|
|
|a Z0
|b TXA
|
| 948 |
|
|
|h HELD BY TXA - 3 OTHER HOLDINGS
|
| 999 |
f |
f |
|s 4cd3800f-465f-461f-99a0-48ca3b96d8f2
|i b4d8bd8c-1c3a-4d12-b362-ece6137fbca4
|t 0
|
| 952 |
f |
f |
|p noncirc
|a Texas A&M University
|b College Station
|c Cushing Memorial Library & Archives
|d Cushing: Literature/Mitchell (Does not check out)
|t 0
|e PN1 A88 1952 no. 419
|h Library of Congress classification
|i unmediated -- volume
|m A14852907418
|
| 998 |
f |
f |
|a PN1 A88 1952 no. 419
|t 0
|l Cushing: Literature/Mitchell (Does not check out)
|